| 000 | 00482nam a22001817a 4500 | ||
|---|---|---|---|
| 003 | MPLRDC | ||
| 005 | 20220104124439.0 | ||
| 008 | 210129b ||||| |||| 00| 0 eng d | ||
| 082 | _a859.61 ZGGD v.1 c.2 | ||
| 100 | _a柯作青改写; 陈雄作图 | ||
| 245 |
_a西游记里的故事 _c |
||
| 250 | _a再版 | ||
| 260 |
_a _b好读者出版社 _c1987 |
||
| 300 | _b平 | ||
| 490 | _a中国古典故事名著 | ||
| 650 | _a儿童故事; 神话 | ||
| 942 |
_cBK _o859.61 ZGGD v.1 c.2 |
||
| 999 |
_c19410 _d19400 |
||